000 00719cam a2200241 a 4500
008
020 _a9780415993128 (pbk.)
090 _aP96.P75
_bHAR
100 1 _aHarris, Richard Jackson.
245 1 2 _aA cognitive psychology of mass communication /
_cRichard Jackson Harris.
250 _a5th ed.
260 _aNew York :
_bRoutledge,
_c2009.
300 _axii, 463 p. ;
_c24 cm.
500 _alncludes index.
504 _aIncludes bibliographical references.
650 0 _aMass media
_xPsychological aspects.
907 _a.b10323132
_b19-11-12
_c15-11-12
003
005 20230123125505.0
040 _cNUST
049 _aMAIN
942 _cBOOKS
_kP96.P75
_mHAR
999 _c142446
_d142446